Country Flags Most Similar to Guinea - Statistics

General Stats
  • This quiz has been taken 853 times
    846 since last reset
  • The average score is 8 of 9
Answer Stats
Picture Answer % Correct
Ethiopia
91%
Senegal
91%
Cameroon
89%
Ghana
88%
Lithuania
85%
Mali
84%
Benin
79%
Bolivia
74%
Guinea-Bissau
73%
No matching quizzes found
Score Distribution
Percent of People with Each Score
Percentile by Number Answered
Your Score History
You have not taken this quiz since the last reset